[Event "Olympiad-44"]
[Site "Chennai"]
[Date "2022.07.29"]
[Round "1.1"]
[White "Mlawa, Hemed"]
[Black "Hossain, Enamul"]
[Result "0-1"]
[WhiteElo "1896"]
[BlackElo "2377"]
[PlyCount "62"]
[EventDate "2022.07.29"]
[EventType "team-swiss"]
[EventRounds "11"]
[EventCountry "IND"]
[SourceTitle "CBM 210"]
[Source "ChessBase"]
[SourceDate "2022.10.31"]
[SourceVersion "1"]
[SourceVersionDate "2022.10.31"]
[SourceQuality "1"]
[WhiteTeam "Tanzania"]
[BlackTeam "Bangladesh"]
[WhiteTeamCountry "TAN"]
[BlackTeamCountry "BAN"]

1. d4 Nf6 2. Bf4 g6 3. Nc3 Bg7 4. e4 d6 5. Qd2 c6 6. 0-0-0 b5 7. f3 Nbd7 8. Bh6 Bxh6 9. Qxh6 b4 10. Nb1 Qa5 11. Bc4 d5 12. exd5 cxd5 13. Bb3 Qb5 14. a4 bxa3 15. Nxa3 Qc6 16. Ne2 a5 17. Nc3 a4 18. Bxa4 Rxa4 19. Nxa4 Qxa4 20. Rhe1 e6 21. Re3 Ke7 22. Rde1 Rg8 23. Qf4 g5 24. Qc7 Qxd4 25. Qc6 Nb8 26. Qc7+ Bd7 27. Nb5 Qb4 28. Nd4 Qxd4 29. c3 Qf4 30. Qc5+ Qd6 31. Qd4 Nc6 0-1

[Event "Olympiad-43"]
[Site "Batumi"]
[Date "2018.10.02"]
[Round "8.3"]
[White "Nathoo, Loris"]
[Black "Mlawa, Hemed"]
[Result "1/2-1/2"]
[WhiteElo "1665"]
[BlackElo "1828"]
[PlyCount "50"]
[EventDate "2018.09.24"]
[EventType "team-swiss"]
[EventRounds "11"]
[EventCountry "GEO"]
[SourceTitle "CBM 187"]
[Source "ChessBase"]
[SourceDate "2018.12.11"]
[SourceVersion "1"]
[SourceVersionDate "2018.12.11"]
[SourceQuality "1"]
[WhiteTeam "Guyana"]
[BlackTeam "Tanzania"]
[WhiteTeamCountry "GUY"]
[BlackTeamCountry "TAN"]

1. d4 d5 2. Nf3 Nf6 3. e3 g6 4. c4 Bg7 5. Nc3 c6 6. Be2 0-0 7. 0-0 Bg4 8. cxd5 cxd5 9. Qb3 Bc8 10. Ne5 e6 11. Bd2 Nbd7 12. f4 Nxe5 13. fxe5 Nd7 14. Nb5 f6 15. Bb4 Re8 16. Nd6 fxe5 17. Nxe8 Qxe8 18. dxe5 Nxe5 19. Bc3 b6 20. Rf2 Bb7 21. Raf1 Qc6 22. Bd4 Qd6 23. Qa3 Qc7 24. Qc3 Qd6 25. Qa3 Qc7 1/2-1/2

[Event "Africa zt 4.2"]
[Site "Dar es Salaam"]
[Date "2016.04.26"]
[Round "5"]
[White "Ezra, Paul Chambers"]
[Black "Mlawa, Hemed"]
[Result "1-0"]
[WhiteElo "1766"]
[BlackElo "1790"]
[PlyCount "45"]
[EventDate "2016.04.23"]
[EventType "swiss"]
[EventRounds "9"]
[EventCountry "TAN"]
[SourceTitle "EXT 2017"]
[Source "ChessBase"]
[SourceDate "2016.10.25"]
[SourceVersion "1"]
[SourceVersionDate "2016.10.25"]
[SourceQuality "1"]

1. e4 g6 2. d4 d6 3. Nc3 Bg7 4. Bg5 c5 5. dxc5 Bxc3+ 6. bxc3 dxc5 7. Qxd8+ Kxd8 8. Bc4 Ke8 9. Nf3 Nd7 10. 0-0-0 Nb6 11. Bb5+ Bd7 12. Rxd7 Nxd7 13. Rd1 f6 14. Bxd7+ Kf7 15. Be3 b6 16. e5 e6 17. exf6 Nxf6 18. Ne5+ Kg7 19. c4 Nxd7 20. Rxd7+ Kf6 21. Ng4+ Kf5 22. f3 e5 23. Rd6 1-0

[Event "Cairo Africa zt 4.2"]
[Site "Cairo"]
[Date "2014.11.29"]
[Round "9"]
[White "Sarwat, Walaa"]
[Black "Mlawa, Hemed"]
[Result "1-0"]
[WhiteElo "2330"]
[BlackElo "1751"]
[PlyCount "71"]
[EventDate "2014.11.22"]
[EventType "swiss"]
[EventRounds "9"]
[EventCountry "EGY"]
[SourceTitle "CBM 163 Extra"]
[Source "ChessBase"]
[SourceDate "2014.12.23"]
[SourceVersion "1"]
[SourceVersionDate "2014.12.23"]
[SourceQuality "1"]

1. e4 c5 2. Nf3 g6 3. Nc3 Bg7 4. g3 Nc6 5. Bg2 d6 6. 0-0 Bg4 7. h3 Bd7 8. d3 e6 9. Bf4 e5 10. Be3 Nf6 11. Qd2 h6 12. Nb5 Qb8 13. c3 a6 14. Na3 Qc7 15. Ne1 0-0-0 16. f4 Nh5 17. fxe5 Nxe5 18. Qf2 f5 19. d4 Nc6 20. exf5 gxf5 21. Bf3 Nf6 22. dxc5 Ne4 23. Bxe4 fxe4 24. cxd6 Qxd6 25. Bf4 Be5 26. Nc4 Qc7 27. Nxe5 Nxe5 28. Kh2 Bb5 29. c4 Bc6 30. b4 Qg7 31. b5 Nxc4 32. bxc6 Qxa1 33. Qa7 Qb2+ 34. Ng2 Nd6 35. Bxd6 Rxd6 36. Rf7 1-0

[Event "Cairo Africa zt 4.2"]
[Site "Cairo"]
[Date "2014.11.26"]
[Round "6"]
[White "Mlawa, Hemed"]
[Black "Ruteremara, Thetime"]
[Result "0-1"]
[WhiteElo "1751"]
[BlackElo "1717"]
[PlyCount "82"]
[EventDate "2014.11.22"]
[EventType "swiss"]
[EventRounds "9"]
[EventCountry "EGY"]
[SourceTitle "CBM 163 Extra"]
[Source "ChessBase"]
[SourceDate "2014.12.23"]
[SourceVersion "1"]
[SourceVersionDate "2014.12.23"]
[SourceQuality "1"]

1. d4 Nf6 2. c4 d6 3. Nc3 Bf5 4. f3 e6 5. e4 Bg6 6. Be3 Nbd7 7. Bd3 e5 8. d5 Be7 9. Nge2 h6 10. 0-0 Nh7 11. f4 Bh5 12. Qd2 Bxe2 13. Nxe2 exf4 14. Nxf4 Bf6 15. Qf2 Qe7 16. Rac1 Ne5 17. Be2 Bg5 18. c5 Nf6 19. cxd6 cxd6 20. Bb5+ Kf8 21. Rc7 Qxc7 22. Rc1 Qe7 23. Qc2 Kg8 24. Rf1 Kh7 25. Bd2 Rhc8 26. Bc3 Bxf4 27. Rxf4 Kg8 28. h3 Nh5 29. Rf5 Qh4 30. Qb1 Ng3 31. Be1 Qxe4 32. Qxe4 Nxe4 33. Bb4 Rd8 34. Kh2 a6 35. Be2 f6 36. h4 Rac8 37. Rf4 Nc5 38. Ba5 Re8 39. b4 Ncd3 40. Re4 Nc1 41. b5 Nxe2 0-1

[Event "Olympiad-41"]
[Site "Tromsoe"]
[Date "2014.08.12"]
[Round "10.3"]
[White "Maccapani, Massimiliano"]
[Black "Mlawa, Hemed"]
[Result "1/2-1/2"]
[WhiteElo "2032"]
[BlackElo "1799"]
[PlyCount "69"]
[EventDate "2014.08.02"]
[EventType "team-swiss"]
[EventRounds "11"]
[EventCountry "NOR"]
[SourceTitle "CBM 162"]
[Source "ChessBase"]
[SourceDate "2014.09.17"]
[SourceVersion "1"]
[SourceVersionDate "2014.09.17"]
[SourceQuality "1"]
[WhiteTeam "San Marino"]
[BlackTeam "Tanzania"]
[WhiteTeamCountry "SMR"]
[BlackTeamCountry "TAN"]

1. d4 Nf6 2. c4 e6 3. Nf3 b6 4. g3 Bb7 5. Bg2 Be7 6. Nc3 0-0 7. 0-0 Ne4 8. Qc2 Nxc3 9. Qxc3 d6 10. b3 Nd7 11. Bb2 f5 12. Qe3 Rf6 13. Rad1 Qe8 14. Bc1 Nf8 15. Qc3 Rc8 16. Rfe1 Ng6 17. Bg5 Rf8 18. Bxe7 Qxe7 19. Nh4 Bxg2 20. Nxg2 f4 21. Rd3 Rf6 22. Rf3 Rcf8 23. Qd3 Qf7 24. Nxf4 Nxf4 25. Rxf4 Rxf4 26. gxf4 Qxf4 27. Qe3 Qf5 28. f3 Rf6 29. Kh1 Qa5 30. Ra1 Rh6 31. a4 Qh5 32. Qf2 Qf5 33. Rc1 Rf6 34. Qe3 Qf4 35. Qxf4 1/2-1/2